000 00825cab a2200253 4500
001 ABS46987
008 090401t1992 xxu||||| |||| 00| 0 eng d
035 _a(Sirsi) u60283
041 _aeng
100 _aEvans, A.H.
245 _aValuation tribunals: the presentation of rating cases
260 _c1992
350 _a0
490 _aProperty Management
_v10(3) Summer 1992, 206-211(6)
520 _aCovers the organisation of the Valuation and Community Charge Tribunal, the decision to appeal to the VCCT, preparation before a hearing, presenting evidence and cross-examination.
650 _aCROSS EXAMINATION
650 _aEVIDENCE
650 _aPROCEDURE
650 _aVALUATION AND COMMUNITY CHARGE TRIBUNAL
650 _aVCCT
690 _aRATING AND VALUATION
942 _n0
948 _c04/03/1997
999 _c37148
_d37148